| 000 | 01018pam a2200253 a 4500 | ||
|---|---|---|---|
| 005 | 20200104041528.0 | ||
| 008 | 951108s1996 dcua b 000 0 eng | ||
| 020 | _a0891641475 | ||
| 040 |
_aDLC _cDLC _dCO-BoIAVH |
||
| 041 | _aeng | ||
| 082 | 0 | 0 |
_a333.7091724 _bC61g |
| 100 | 1 |
_aClay, Jason W. _914663 |
|
| 245 | 1 | 0 |
_aGenerating income and conserving resources : _b20 lessons from the field / _cJason W. Clay. |
| 260 |
_a[Washington, D.C.] : _bWorld Wildlife Fund, _cc1996. |
||
| 300 |
_ax, 76 paginas. : _bilustraciones. ; _c23 x 15 cm. |
||
| 504 | _aIncludes bibliographical references (p. 75-76). | ||
| 650 | 4 |
_aNatural resources _zDeveloping countries _xManagement _xCase studies. _952778 |
|
| 650 | 4 |
_aRecursos naturales _952779 |
|
| 650 | 4 |
_aSustainable development _zDeveloping countries _xCase studies. _952780 |
|
| 650 | 4 |
_aDesarrollo sostenible _9278 |
|
| 650 | 4 |
_aRural development projects _zDeveloping countries _xCase studies. _952782 |
|
| 650 | 4 |
_aProyectos de desarrollo rural _917648 |
|
| 942 |
_2ddc _cLIBRO |
||
| 999 |
_c2117 _d2117 |
||